| 000 | 00585nam a22002057a 4500 | ||
|---|---|---|---|
| 005 | 20150514122610.0 | ||
| 010 | _aENG-112603 | ||
| 020 |
_a9789325968936 _c295.00 |
||
| 035 | _aEN-96135 | ||
| 037 | _bDBAD/PUB | ||
| 082 | _a346.07 | ||
| 100 | _aKuchhal, M.C. | ||
| 245 | 0 | 0 |
_aBusiness laws / _cby M.C. Kuchhal [and] Vivek Kuchhal |
| 250 | _a4th ed | ||
| 260 |
_aNew Delhi _bVikas Publishing House _c2014 |
||
| 270 |
_aE-28, Sector-8, Noida _bNew Delhi _e201301 |
||
| 300 |
_aviii,395p. _c24cm(pbk) |
||
| 700 | _aKuchhal, Vivek | ||
| 942 |
_2ddc _cEN _mKUC _h346.07 |
||
| 999 |
_c92779 _d92779 |
||